000 00819nam a22002415i 4500
001 176641
003 ES-MaACL
005 20250811104433.0
008 110127s1957 sp o |||| | spa d
080 _a726.6(460)
100 1 _aDalmau, R.
_942518
245 1 4 _aLas catedrales.
_n1,
_pAndalucía, Murcia, Extremadura /
_c[texto de R. Dalmau ; fotografías, Archivo Mas].
250 _a1ª ed.
260 _aBarcelona :
_bDalmau y Jover,
_c1957.
300 _a1 v. ([60] p.) :
_bfot. ;
_c22 cm.
490 1 _aEl arte en la península ibérica
546 _aTexto en español, francés e inglés.
650 4 _aCatedrales-
_zEspaña.
_910848
710 2 _aArchivo Mas.
_9144912
830 1 3 _aEl arte en la península ibérica
_9190185
852 _aES-MaACL
_j2274-F-8
_xOlim P-470
999 _c176641
_d176641